UBT Library

Physics for scientists and engineers / (Record no. 839)

000 -LEADER
fixed length control field 00650nam a22002057a 4500
008 - FIXED-LENGTH DATA ELEMENTS--GENERAL INFORMATION
fixed length control field 150520b xxu||||| |||| 00| 0 eng d
020 ## - INTERNATIONAL STANDARD BOOK NUMBER
International Standard Book Number 0131418831 (v. 1 : alk. paper)
020 ## - INTERNATIONAL STANDARD BOOK NUMBER
International Standard Book Number 0131418815 (v. 2)
020 ## - INTERNATIONAL STANDARD BOOK NUMBER
International Standard Book Number 0131418823 (v. 3)
041 0# - LANGUAGE CODE
Language code of text/sound track or separate title eng
080 ## - UNIVERSAL DECIMAL CLASSIFICATION NUMBER
Universal Decimal Classification number 53
100 ## - Rafti
Rafti Fishbane, Paul M.
245 00 - TITLE STATEMENT
Title Physics for scientists and engineers /
Statement of responsibility, etc Paul M. Fishbane, Stephen G. Gasiorowicz, Stephen T. Thornton.
260 ## -
-- Upper Saddle River, N.J. :
-- Pearson Prentice Hall,
-- c2005.
300 ## -
-- 3 volume
-- me il. ;
-- 28 cm
650 #0 -
-- Fizika
700 1# -
-- Gasiorowicz, Stephen.
700 1# -
-- Thornton, Stephen T.
942 ## - ADDED ENTRY ELEMENTS (KOHA)
Source of classification or shelving scheme
Item type Books
Holdings
Withdrawn status Lost status Source of classification or shelving scheme Damaged status Not for loan Collection code Permanent location Current location Shelving location Date acquired Total Checkouts Full call number Barcode Date last seen Price effective from Koha item type
          Koleksioni i përgjithshem UBT - Lipjan UBT - Lipjan Koleksioni i përgjithshem 05/20/2015   53 FIS 9780131418837 05/20/2015 05/20/2015 Books
          Koleksioni i përgjithshem UBT - Lipjan UBT - Lipjan Koleksioni i përgjithshem 06/12/2017   328 MYT 002-290204 06/12/2017 06/12/2017 Books
          Koleksioni i përgjithshem UBT - Lipjan UBT - Lipjan Koleksioni i përgjithshem 03/02/2021   574 MCK 002-6000846 03/02/2021 03/02/2021 Books
UBT Library © 2015-2024. All rights reserved University Education for Business and Technology